00674nam a22001697a 4500003000900000008004100009040007100050082002400121100002000145245007300165260002600238300002800264505015400292650002800446650001300474650001700487AR-CdUCM190404b ||||| |||| 00| 0 spa d aMUNICIPALIDAD PROVINCIAL DEL CUSCOcBIBLIOTECA MUNICIPAL DEL CUSCO a331.1 /bM42 / 1927 aMellano, José aMemoria de un desertor :bDeberes y derechos del pueblo trabajador / aBuenos Aires :c1927. a347 páginas ;c18 cm. aContenido : En la masa del pueblo hay dos clases de seres humanos; la de las abejas obreras y la de los zánganos -- Capitulo II -- Capitulo III ... aMemorias de un desertor aSociales aSociología